Die moderne pressgesetzgebung insbesondere der österreichische pressreformentwurf (Record no. 161348)

MARC details
000 -LEADER
campo de control de longitud fija 00853nam a22001935i 4500
001 - NÚMERO DE CONTROL
campo de control 161348
003 - IDENTIFICADOR DE NÚMERO DE CONTROL
campo de control ES-MaACL
005 - FECHA Y HORA DE LA ÚLTIMA TRANSACCIÓN
campo de control 20230906212251.0
008 - DATOS DE LONGITUD FIJA--INFORMACIÓN GENERAL
campo de control de longitud fija 041018q18901910it |||| | ger d
040 ## - FUENTE DE CATALOGACIÓN
Centro catalogador/agencia de origen CAM
Lengua de catalogación spa
Centro/agencia transcriptor CAM
100 0# - ENTRADA PRINCIPAL--NOMBRE DE PERSONA
Nombre de persona Pappafava, Vladimir.
9 (RLIN) 88882
245 14 - MENCIÓN DEL TÍTULO
Título Die moderne pressgesetzgebung insbesondere der österreichische pressreformentwurf
Resto del título : eine geschichtlich-rechtsvergleichende studie /
Mención de responsabilidad, etc. von Vladimir Pappafava ; aus dem italienischen übersetzt und ergänzt von A. Simon.
260 ## - PUBLICACIÓN, DISTRIBUCIÓN, ETC.
Lugar de publicación, distribución, etc. Zara :
Nombre del editor, distribuidor, etc. verlag der Internationalem Buchhandlung H.v. Schönfeld ;
Lugar de publicación, distribución, etc. Leipzig (
Fabricante K.F. Koehler, buchhandlung
Fecha de publicación, distribución, etc. [s.a.]
300 ## - DESCRIPCIÓN FÍSICA
Extensión IV, 288 p. ;
Dimensiones 22 cm.
596 ## - NOTA AL PIE DE IMPRENTA
NOTA AL PIE DE IMPRENTA Probablemente imp. ca. 1890-1910.
650 04 - PUNTO DE ACCESO ADICIONAL DE MATERIA--TÉRMINO DE MATERIA
Término de materia o nombre geográfico como elemento de entrada Prensa.
9 (RLIN) 16351
700 1# - ENTRADA AGREGADA--NOMBRE PERSONAL
Nombre de persona Simon, A.
9 (RLIN) 132754
852 ## - LOCALIZACIÓN
Ubicación ES-MaACL
Número de control de estantería G-2808
Nota libre -- Enc. hol., conservando la cub. original
Holdings
Estatus retirado Estado de pérdida Estado de daño No para préstamo Biblioteca de origen Biblioteca actual Ubicación en estantería Fecha de adquisición Fuente de adquisición Total de préstamos Signatura topográfica completa Código de barras Visto por última vez Precio de reemplazo Tipo de ítem Koha
        Biblioteca del Ateneo de Madrid Biblioteca del Ateneo de Madrid Depósito 2 17/01/2008     G-2808 1169002 23/02/2023 23/02/2023 Libro impreso